[Event "Emilia Romagna-ch"]
[Site "Piacenza"]
[Date "2024.05.11"]
[Round "4"]
[White "Vezzosi, Paolo"]
[Black "Marzatico, Luca"]
[Result "1-0"]
[WhiteElo "2092"]
[BlackElo "2015"]
[PlyCount "129"]
[EventDate "2024.05.10"]
[EventType "swiss"]
[EventRounds "6"]
[EventCountry "ITA"]
[SourceTitle "CBM 220 Extra"]
[Source "ChessBase"]
[SourceDate "2024.07.31"]
[SourceVersion "1"]
[SourceVersionDate "2024.07.31"]
[SourceQuality "1"]

1. c4 e5 2. g3 Nc6 3. Bg2 Bc5 4. Nc3 a6 5. a3 d6 6. b4 Ba7 7. e3 Nge7 8. Nge2 0-0 9. Bb2 h5 10. Nd5 h4 11. Nec3 h3 12. Bf3 f5 13. d3 Rb8 14. b5 Na5 15. Nxe7+ Qxe7 16. Qa4 b6 17. 0-0 Qe8 18. Rae1 Bd7 19. Bd5+ Kh8 20. f4 Rd8 21. fxe5 dxe5 22. Qd1 axb5 23. cxb5 c6 24. bxc6 Bxc6 25. Bxc6 Nxc6 26. Qe2 Bb8 27. Rd1 Bd6 28. Kh1 Qg6 29. Nb5 Bc5 30. d4 exd4 31. exd4 Rde8 32. Qf3 Be7 33. d5 Na5 34. Nc7 Rc8 35. Ne6 Rf7 36. Rc1 Nc4 37. a4 Kh7 38. Nf4 Qh6 39. Qe2 Nd6 40. Rxc8 Nxc8 41. Qe6 Qxe6 42. dxe6 Rf8 43. Rc1 Bc5 44. Nxh3 Re8 45. a5 Ne7 46. axb6 Bxb6 47. Rf1 Bc5 48. Ng5+ Kg6 49. Nf7 Ra8 50. Ne5+ Kh7 51. Nd7 Bb4 52. g4 Ra2 53. Be5 fxg4 54. Rf7 Kg6 55. Nf8+ Kg5 56. Bf4+ Kh5 57. Rxg7 Ra1+ 58. Kg2 Ra2+ 59. Kf1 g3 60. hxg3 Ra5 61. Kg2 Ra2+ 62. Kh3 Rh2+ 63. Kxh2 Ng6 64. Rh7+ Kg4 65. Nxg6 1-0

[Event "Emilia Romagna-ch"]
[Site "Piacenza"]
[Date "2024.05.10"]
[Round "2"]
[White "Poncini, Nino"]
[Black "Marzatico, Luca"]
[Result "0-1"]
[WhiteElo "1760"]
[BlackElo "2015"]
[PlyCount "70"]
[EventDate "2024.05.10"]
[EventType "swiss"]
[EventRounds "6"]
[EventCountry "ITA"]
[SourceTitle "CBM 220 Extra"]
[Source "ChessBase"]
[SourceDate "2024.07.31"]
[SourceVersion "1"]
[SourceVersionDate "2024.07.31"]
[SourceQuality "1"]

1. e4 e6 2. d3 c5 3. Nd2 Nc6 4. Ngf3 g6 5. g3 Bg7 6. Bg2 Nge7 7. 0-0 0-0 8. Re1 d5 9. e5 b5 10. a3 a5 11. Nf1 Qc7 12. Bf4 Bb7 13. h4 Nd4 14. N1h2 Nxf3+ 15. Nxf3 d4 16. Qd2 Rfe8 17. g4 Bc6 18. h5 Qb7 19. Qe2 a4 20. Bg3 b4 21. hxg6 fxg6 22. Nh4 Bxg2 23. Nxg2 g5 24. f4 h6 25. Rf1 bxa3 26. bxa3 Ng6 27. Rab1 Qd5 28. Rb2 Rf8 29. Rb6 gxf4 30. Bxf4 Nxe5 31. Bxe5 Rxf1+ 32. Kxf1 Bxe5 33. Kg1 Rf8 34. Ra6 Rb8 35. Ra7 Bg3 0-1

[Event "Crema op 22nd"]
[Site "Crema"]
[Date "2022.09.11"]
[Round "5"]
[White "Marzatico, Luca"]
[Black "Rizzo, Alessandro"]
[Result "1-0"]
[WhiteElo "1979"]
[BlackElo "1709"]
[PlyCount "61"]
[EventDate "2022.09.09"]
[EventType "swiss"]
[EventRounds "6"]
[EventCountry "ITA"]
[SourceTitle "CBM 210 Extra"]
[Source "ChessBase"]
[SourceDate "2022.11.30"]
[SourceVersion "1"]
[SourceVersionDate "2022.11.30"]
[SourceQuality "1"]

1. d4 Nf6 2. Nf3 g6 3. c4 Bg7 4. g3 0-0 5. Bg2 d6 6. 0-0 Nfd7 7. Nc3 Nc6 8. b3 Nxd4 9. Nxd4 c5 10. e3 cxd4 11. exd4 Re8 12. Re1 Qb6 13. Be3 Nf6 14. h3 Bd7 15. Qd2 a5 16. g4 a4 17. g5 Nh5 18. Nd5 Qd8 19. b4 e6 20. Nc3 Qc7 21. Rac1 f5 22. f4 Bc6 23. d5 Bd7 24. dxe6 Bxe6 25. Nb5 Qd7 26. Qxd6 Qf7 27. Qb6 Ra6 28. Qxb7 Qxb7 29. Bxb7 Raa8 30. Bxa8 Rxa8 31. Nc7 1-0

[Event "Anti Cheating Blitz Cup"]
[Site "Chess.com INT"]
[Date "2020.05.20"]
[Round "9"]
[White "Gorgoglione, Enrico"]
[Black "Marzatico, Luca"]
[Result "1-0"]
[WhiteElo "2010"]
[BlackElo "2009"]
[PlyCount "91"]
[EventDate "2020.05.20"]
[EventType "swiss (blitz)"]
[EventRounds "11"]
[EventCountry "USA"]
[SourceTitle "CBM 196 Extra"]
[Source "ChessBase"]
[SourceDate "2020.07.31"]
[SourceVersion "1"]
[SourceVersionDate "2020.07.31"]
[SourceQuality "1"]

1. e4 e6 2. d4 d5 3. Nd2 Nf6 4. e5 Nfd7 5. Bd3 c5 6. c3 Nc6 7. Qg4 cxd4 8. cxd4 h5 9. Qf4 g5 10. Qe3 Bh6 11. Ne2 g4 12. f4 gxf3 13. Qxf3 Qh4+ 14. g3 Qg4 15. 0-0 Qxf3 16. Nxf3 Bxc1 17. Raxc1 Nb4 18. Bb1 b6 19. Nf4 Ba6 20. Rf2 0-0 21. Rc7 Rfc8 22. Rxd7 Bb5 23. Rd6 Rc1+ 24. Kg2 Rxb1 25. Ng5 Rf8 26. Nxh5 Nd3 27. Rd2 Ne1+ 28. Kf2 Nd3+ 29. Ke3 Nxb2 30. Nf6+ Kg7 31. Nf3 Nc4+ 32. Kf4 Nxd6 33. Nh5+ Kg6 34. g4 Ne4 35. Nh4+ Kh7 36. Nf6+ Nxf6 37. exf6 Rf1+ 38. Ke5 Rg8 39. h3 Rg5+ 40. Kd6 Rh1 41. Nf3 Rg8 42. Ne5 Rxh3 43. Ke7 Rg3 44. Kxf7 R3xg4 45. Rh2+ Rh4 46. Rxh4# 1-0

[Event "Anti Cheating Blitz Cup"]
[Site "Chess.com INT"]
[Date "2020.05.20"]
[Round "4"]
[White "Marzatico, Luca"]
[Black "Abreu Sanchez, Leonel Jesus"]
[Result "1-0"]
[WhiteElo "2009"]
[BlackElo "1692"]
[PlyCount "77"]
[EventDate "2020.05.20"]
[EventType "swiss (blitz)"]
[EventRounds "11"]
[EventCountry "USA"]
[SourceTitle "CBM 196 Extra"]
[Source "ChessBase"]
[SourceDate "2020.07.31"]
[SourceVersion "1"]
[SourceVersionDate "2020.07.31"]
[SourceQuality "1"]

1. Nf3 Nf6 2. d4 g6 3. Bf4 c5 4. e3 Bg7 5. Nbd2 d5 6. h3 Nc6 7. Be2 0-0 8. 0-0 e6 9. c3 b6 10. a4 Bb7 11. Bd3 cxd4 12. exd4 Rc8 13. Re1 Nh5 14. Bh2 Na5 15. Ne5 Nf6 16. b4 Nc6 17. Qb3 Nxe5 18. Bxe5 Nd7 19. Bxg7 Kxg7 20. a5 bxa5 21. Rxa5 Qb6 22. Rea1 Ra8 23. Qa3 e5 24. Nb3 exd4 25. Nxd4 Rfc8 26. Ne2 Ne5 27. Bb5 a6 28. Bxa6 Bxa6 29. Rxa6 Rxa6 30. Qxa6 Qd8 31. Rd1 Nc4 32. Nf4 Qg5 33. Qxc8 Qxf4 34. Qc5 Nd2 35. Qe3 Qxe3 36. fxe3 Nc4 37. Rxd5 Nxe3 38. Rd3 Nc4 39. Rd4 1-0

[Event "Anti Cheating Blitz Cup"]
[Site "Chess.com INT"]
[Date "2020.05.20"]
[Round "2"]
[White "Marzatico, Luca"]
[Black "Basiev, Georgiy"]
[Result "0-1"]
[WhiteElo "2009"]
[BlackElo "1448"]
[PlyCount "64"]
[EventDate "2020.05.20"]
[EventType "swiss (blitz)"]
[EventRounds "11"]
[EventCountry "USA"]
[SourceTitle "CBM 196 Extra"]
[Source "ChessBase"]
[SourceDate "2020.07.31"]
[SourceVersion "1"]
[SourceVersionDate "2020.07.31"]
[SourceQuality "1"]

1. Nf3 Nf6 2. g3 g6 3. Bg2 Bg7 4. d4 d6 5. c4 0-0 6. Nc3 Nc6 7. 0-0 e5 8. d5 Na5 9. Nd2 c5 10. a3 Qc7 11. Nb5 Qb6 12. b4 cxb4 13. axb4 Nxc4 14. Nxc4 Qxb5 15. Nxd6 Qd7 16. Nxc8 Rfxc8 17. Bb2 Ne8 18. Qd2 Nd6 19. Rac1 Nc4 20. Qc3 Bh6 21. Rc2 Ne3 22. fxe3 Rxc3 23. Rxc3 Rc8 24. Rfc1 Rxc3 25. Rxc3 f6 26. h3 Qa4 27. Kh2 Qa2 28. Rc8+ Kf7 29. Rc7+ Ke8 30. Bc3 Qb1 31. Rxh7 Bxe3 32. d6 Qg1# 0-1

[Event "Crema op-B 17th"]
[Site "Crema"]
[Date "2016.09.03"]
[Round "4"]
[White "Marzatico, Luca"]
[Black "De Palma, Fabrizio"]
[Result "1/2-1/2"]
[WhiteElo "1802"]
[BlackElo "1994"]
[PlyCount "61"]
[EventDate "2016.09.02"]
[EventType "swiss"]
[EventRounds "6"]
[EventCountry "ITA"]
[SourceTitle "EXT 2018"]
[Source "ChessBase"]
[SourceDate "2017.10.13"]
[SourceVersion "1"]
[SourceVersionDate "2017.10.13"]
[SourceQuality "1"]

1. Nf3 Nf6 2. g3 g6 3. Bg2 Bg7 4. 0-0 0-0 5. d4 d6 6. c4 c5 7. e3 Nbd7 8. Nc3 Rb8 9. Bd2 a6 10. a4 b6 11. d5 Ng4 12. h3 Nge5 13. Nxe5 Nxe5 14. Qe2 e6 15. f4 Nd7 16. Rad1 e5 17. f5 gxf5 18. Rxf5 Nf6 19. Rf2 Ne8 20. g4 Bf6 21. Bf3 Bh4 22. Rg2 Ng7 23. Rf1 Kh8 24. Qd3 h6 25. Ne2 b5 26. b3 bxa4 27. bxa4 Bd7 28. a5 Rb2 29. Ng3 Qb8 30. Be1 Rb3 31. Qe2 1/2-1/2

[Event "Crema op-B 17th"]
[Site "Crema"]
[Date "2016.09.02"]
[Round "1"]
[White "Raimondi, Celso"]
[Black "Marzatico, Luca"]
[Result "0-1"]
[WhiteElo "1623"]
[BlackElo "1802"]
[PlyCount "68"]
[EventDate "2016.09.02"]
[EventType "swiss"]
[EventRounds "6"]
[EventCountry "ITA"]
[SourceTitle "EXT 2018"]
[Source "ChessBase"]
[SourceDate "2017.10.13"]
[SourceVersion "1"]
[SourceVersionDate "2017.10.13"]
[SourceQuality "1"]

1. d4 d5 2. c4 c6 3. Nc3 Nf6 4. Nf3 e6 5. Bg5 Nbd7 6. e3 Qa5 7. cxd5 Nxd5 8. Qc2 Bb4 9. Rc1 Qxa2 10. Bd3 Bxc3+ 11. bxc3 Qxc2 12. Rxc2 b5 13. e4 N5b6 14. Ra2 a5 15. Ke2 Bb7 16. Be3 0-0 17. h4 f5 18. e5 Nd5 19. Bd2 N7b6 20. Ng5 Bc8 21. f4 Bd7 22. Kf3 Ra7 23. g4 h6 24. Nh3 fxg4+ 25. Kxg4 Ne7 26. h5 a4 27. Nf2 Nf5 28. Ne4 Nd5 29. Kf3 b4 30. cxb4 Nxd4+ 31. Kg4 Nb3 32. Bc4 Nxd2 33. Bxd5 exd5+ 34. e6 Bxe6+ 0-1

[Event "La Piazzetta op 1st"]
[Site "Casalpusterlengo"]
[Date "2014.10.04"]
[Round "2"]
[White "Tirelli, Mauro"]
[Black "Marzatico, Luca"]
[Result "1-0"]
[WhiteElo "2098"]
[BlackElo "1738"]
[PlyCount "87"]
[EventDate "2014.10.03"]
[EventType "swiss"]
[EventRounds "5"]
[EventCountry "ITA"]
[SourceTitle "EXT 2016"]
[Source "ChessBase"]
[SourceDate "2015.10.08"]
[SourceVersion "1"]
[SourceVersionDate "2015.10.08"]
[SourceQuality "1"]

1. d4 Nf6 2. Bg5 c5 3. d5 Ne4 4. Bf4 Qb6 5. Bc1 g6 6. f3 Nf6 7. e4 d6 8. Na3 Bg7 9. Nc4 Qc7 10. a4 0-0 11. Bg5 a5 12. Ne2 Na6 13. Nc3 b6 14. Be2 Qb7 15. Ra3 Rb8 16. 0-0 Bd7 17. Qd2 Qa7 18. h3 Kh8 19. Rb3 Ng8 20. Nb5 Bxb5 21. Rxb5 Nc7 22. Rb3 Bd4+ 23. Kh1 f5 24. e5 Nxd5 25. c3 dxe5 26. cxd4 exd4 27. Ne5 Qc7 28. Bf4 Nxf4 29. Qxf4 Qd6 30. Bc4 Kg7 31. Re1 Nf6 32. Nd3 Nh5 33. Qe5+ Qxe5 34. Rxe5 Rfe8 35. Kg1 e6 36. Rxe6 Rxe6 37. Bxe6 Kf6 38. Bc4 Re8 39. Rxb6+ Kg5 40. Kf2 Re3 41. Rb5 Nf6 42. Rxc5 Kh4 43. Rxa5 Kg5 44. Re5 1-0

[Event "Codogno op-B 4th"]
[Site "Codogno"]
[Date "2012.09.23"]
[Round "4"]
[White "Biava, Pierluigi"]
[Black "Marzatico, Luca"]
[Result "0-1"]
[WhiteElo "1645"]
[BlackElo "1515"]
[PlyCount "92"]
[EventDate "2012.09.21"]
[EventType "swiss"]
[EventRounds "5"]
[EventCountry "ITA"]
[SourceTitle "EXT 2016"]
[Source "ChessBase"]
[SourceDate "2015.10.08"]
[SourceVersion "1"]
[SourceVersionDate "2015.10.08"]
[SourceQuality "1"]

1. c4 e5 2. Nc3 Nf6 3. g3 c6 4. Bg2 d5 5. cxd5 cxd5 6. e3 Nc6 7. a3 Be6 8. d3 a6 9. Nge2 Bd6 10. 0-0 0-0 11. b4 b5 12. Bd2 Qd7 13. Re1 h6 14. d4 e4 15. Qb3 g5 16. Rec1 Rfc8 17. Rc2 Rc7 18. Rac1 Rac8 19. Be1 Ne7 20. Nd1 Ne8 21. Rxc7 Rxc7 22. Rxc7 Bxc7 23. Ndc3 Nf6 24. Qc2 Bh3 25. Bh1 Bg4 26. Nc1 Bf3 27. Bxf3 exf3 28. Qd1 g4 29. Nb3 Bd6 30. Nc5 Bxc5 31. dxc5 Qf5 32. a4 bxa4 33. Nxa4 Nd7 34. Bc3 Nc6 35. Qf1 Ndb8 36. Qa1 h5 37. Nb6 Qd3 38. Bh8 Kf8 39. Bc3 Ke8 40. Nc8 Nd7 41. Nd6+ Ke7 42. Qe1 Nde5 43. e4 dxe4 44. Qxe4 Qxc3 45. Nf5+ Kf8 46. Ne3 Qe1+ 0-1

[Event "Codogno op 3rd B"]
[Site "Codogno"]
[Date "2011.10.15"]
[Round "2"]
[White "Marzatico, Luca"]
[Black "Vecchio, Paolo L"]
[Result "1-0"]
[WhiteElo "1428"]
[BlackElo "1335"]
[PlyCount "45"]
[EventDate "2011.10.14"]
[EventType "swiss"]
[EventRounds "5"]
[EventCountry "ITA"]
[SourceTitle "EXT 2024"]
[Source "ChessBase"]
[SourceDate "2023.10.10"]
[SourceVersion "1"]
[SourceVersionDate "2023.10.10"]
[SourceQuality "1"]

1. d4 Nf6 2. Bf4 d6 3. Nf3 Nc6 4. Nbd2 e6 5. e3 Be7 6. Bd3 Nh5 7. c3 Nxf4 8. exf4 0-0 9. g4 Bh4 10. g5 Bxg5 11. fxg5 e5 12. dxe5 dxe5 13. Nc4 e4 14. Bxe4 Bg4 15. Qxd8 Raxd8 16. Ncd2 Rfe8 17. 0-0-0 Rxe4 18. Nxe4 Bxf3 19. Rxd8+ Nxd8 20. Re1 Kf8 21. Nc5 Bd5 22. Nd7+ Kg8 23. Re8# 1-0